Los fundamentos de la asistencia social / (Record no. 100215)

MARC details
000 -LEADER
campo de control de longitud fija 00774nam a2200253 i 4500
001 - NÚMERO DE CONTROL
campo de control 100215
003 - IDENTIFICADOR DE NÚMERO DE CONTROL
campo de control ES-MaACL
005 - FECHA Y HORA DE LA ÚLTIMA TRANSACCIÓN
campo de control 20240211063457.0
007 - CAMPO FIJO DE DESCRIPCIÓN FÍSICA--INFORMACIÓN GENERAL
campo de control de longitud fija t|
008 - DATOS DE LONGITUD FIJA--INFORMACIÓN GENERAL
campo de control de longitud fija 050923s1946 ag ||||1| spa d
040 ## - FUENTE DE CATALOGACIÓN
Centro/agencia transcriptor ES-MaACL
080 ## - NÚMERO DE LA CLASIFICACIÓN DECIMAL UNIVERSAL
Número de la Clasificación Decimal Universal 364
100 1# - ENTRADA PRINCIPAL--NOMBRE DE PERSONA
Nombre de persona Martone, Francisco José.
9 (RLIN) 78527
Término indicativo de función/relación Autor
245 14 - MENCIÓN DEL TÍTULO
Título Los fundamentos de la asistencia social /
Mención de responsabilidad, etc. Francisco José Martone.
260 ## - PUBLICACIÓN, DISTRIBUCIÓN, ETC.
Lugar de publicación, distribución, etc. Buenos Aires :
Nombre del editor, distribuidor, etc. Americalee,
Fecha de publicación, distribución, etc. 1946.
300 ## - DESCRIPCIÓN FÍSICA
Extensión 241 páginas ;
Dimensiones 20 cm
490 1# - MENCIÓN DE SERIE
Mención de serie Fundamentos (Americalee) ;
Designación de volumen o secuencia 17
650 #4 - PUNTO DE ACCESO ADICIONAL DE MATERIA--TÉRMINO DE MATERIA
9 (RLIN) 10377
Término de materia o nombre geográfico como elemento de entrada Asistencia social
830 0# - PUNTO DE ACCESO ADICIONAL DE SERIE-TÍTULO UNIFORME
Título uniforme Fundamentos (Americalee)
Designación de volumen o secuencia 17
9 (RLIN) 235125
852 ## - LOCALIZACIÓN
Ubicación ES-MaACL
Número de control de estantería A-4504
Sublocalización o colección R.22671
Ubicación en estantería Sala Pecera Planta 1
942 ## - ELEMENTOS DE ENTRADA SECUNDARIOS (KOHA)
Tipo de ítem Koha Libro impreso
Suprimir en OPAC No
Holdings
Estatus retirado Estado de pérdida Fuente del sistema de clasificación o colocación Estado de daño No para préstamo Biblioteca de origen Biblioteca actual Ubicación en estantería Fecha de adquisición Total de préstamos Signatura topográfica completa Código de barras Visto por última vez Tipo de ítem Koha
    Clasificación decimal universal     Biblioteca del Ateneo de Madrid Biblioteca del Ateneo de Madrid Sala Pecera Planta 1 17/01/2008   A-4504 1104642 23/02/2023 Libro impreso